Central Library OPAC University of Rajshahi

Studies In Plato's Metaphysics / (Record no. 1331)

MARC details
000 -LEADER
fixed length control field 00669nam a2200217 a 4500
001 - CONTROL NUMBER
control field 1331
003 - CONTROL NUMBER IDENTIFIER
rucl marc code BD-RjUL
005 - DATE AND TIME OF LATEST TRANSACTION
control field 20211208233322.0
008 - FIXED-LENGTH DATA ELEMENTS--GENERAL INFORMATION
fixed length control field 131125s1965 enk 000 0 eng d
035 ## - SYSTEM CONTROL NUMBER
System control number (BD-RjUL) 1353
040 ## - CATALOGING SOURCE
Original cataloging agency NZOC
Language of cataloging eng
Transcribing agency NZOC
Modifying agency NZOC
-- BD-RjUL
041 ## - LANGUAGE CODE
Language code of text/sound track or separate title eng
082 04 - DEWEY DECIMAL CLASSIFICATION NUMBER
Classification number 184
Author mark and year STU
Edition number 16
245 00 - TITLE STATEMENT
Title Studies In Plato's Metaphysics /
Statement of responsibility, etc. Reginald E. Allen, editor.
260 ## - PUBLICATION, DISTRIBUTION, ETC. (IMPRINT)
Place of publication, distribution, etc. London;
-- New york :
Name of publisher, distributor, etc. Routledge & Kegan Paul;
-- The Humanities,
Date of publication, distribution, etc. 1965 [ Impression 1967]
300 ## - PHYSICAL DESCRIPTION
Pagination xii, 452 p. ;
Size 25 cm.
600 00 - SUBJECT ADDED ENTRY--PERSONAL NAME
Personal name Plato.
650 #0 - SUBJECT ADDED ENTRY--TOPICAL TERM
Topical term or geographic name as entry element Metaphysics.
9 (RLIN) 2787
700 1# - ADDED ENTRY--PERSONAL NAME
Personal name Allen, R. E.
Fuller form of name (Reginald E.),
Dates associated with a name 1931-
942 ## - ADDED ENTRY ELEMENTS (KOHA)
Source of classification or shelving scheme Dewey Decimal Classification
Koha item type Books
Holdings
Lost status Source of classification or shelving scheme Damaged status Not for loan Collection code Permanent Location Current Location Shelving location Date acquired Source of acquisition Cost, normal purchase price Total Checkouts Full call number Date last seen Copy number Koha item type Date checked out
  Dewey Decimal Classification     Non-fiction Central Library, University of Rajshahi Central Library, University of Rajshahi   24/11/1975 Jonathan 4.50   184 STU 1968 25/11/2013 C-4 Books  
  Dewey Decimal Classification     Non-fiction Central Library, University of Rajshahi Central Library, University of Rajshahi   10/05/1968 Zeetinger 70.00   184 STU 1967 25/11/2013 C-2 Books  
  Dewey Decimal Classification     Non-fiction Central Library, University of Rajshahi Central Library, University of Rajshahi   24/11/1975 Gonathen 4.50 1 184 STU 1968 18/05/2017 C-3 Books 06/05/2017
  Dewey Decimal Classification   Not For Loan Non-fiction Central Library, University of Rajshahi Central Library, University of Rajshahi Reading Room 10/05/1968 Zeitlinger 70.00   184 STU 1967 01/12/2016 C-1 Books